000 00363nam a2200145Ia 4500
008 150201s1992 xx 000 0 und d
082 _a611.018
_bH1992S
100 _aSTEVENS,ALAN
245 _aHISTOLOGY PICTURE TESTS
250 _a1ST
260 _bGOWER MEDICAL PUBLICATION
_aLONDON(U.K)
_c1992
300 _a1-
650 _aHUMAN HISTOLOGY
942 _2ddc
_cBK
999 _c3606
_d3606